000 00396ntaaa2200157 4500
003 01
005 20251027201949.0
008 0714s1973 ag 01
040 _aAR-BaBN
_bspa
_cAR-BaBN
_eaacr
_dRIC
082 _a248.0000 S
100 _aSmith, Hanna Whitall
_918178
245 _aEl secreto de la vida Cristiana feliz
250 _a1 ed. :
_bs.l.,
_cn.f.
650 _aVida Cristiana
942 _cBK
999 _c14369
_d14369